Việt Nam hướng tới năm 2010

Đã lưu trong:
Bibliografiske detaljer
Hovedforfatter: UNDP
Format: Bog
Sprog:Undetermined
Udgivet: Hà Nội Chính trị Quốc gia 2001
Fag:
Tags: Tilføj Tag
Ingen Tags, Vær først til at tagge denne postø!
Thư viện lưu trữ: Trung tâm Học liệu Trường Đại học Cần Thơ
LEADER 00474nam a2200169Ia 4500
001 CTU_47307
008 210402s9999 xx 000 0 und d
082 |a 338.9597 
082 |b V308/T2 
100 |a UNDP 
245 0 |a Việt Nam hướng tới năm 2010 
245 0 |c UNDP 
260 |a Hà Nội 
260 |b Chính trị Quốc gia 
260 |c 2001 
650 |a vietnam - economic conditions 
980 |a Trung tâm Học liệu Trường Đại học Cần Thơ